|
|
|
|
| LEADER |
00862cam a2200265 7i4500 |
| 001 |
0000033405 |
| 005 |
20160518090000.0 |
| 007 |
##ta |
| 008 |
160518t20152015xnaa 000 0 eng d |
| 020 |
# |
# |
|a 9780994268617
|
| 040 |
# |
# |
|a QSL
|
| 090 |
0 |
0 |
|a I 382.1
|b ADV
|
| 245 |
0 |
0 |
|a ADVANCING TRADE DEVELOPMENT :
|b A Study into International Trade Promotion.
|
| 264 |
# |
1 |
|a Sydney, NSW:
|b Export Council of Australia,
|c 2015.
|
| 264 |
# |
4 |
|c ♭2015.
|
| 300 |
# |
# |
|a 254 pages:
|b illustrations;
|c 30 cm.
|
| 336 |
# |
# |
|a text
|2 rdacontent
|
| 337 |
# |
# |
|a unmediated
|2 rdamedia
|
| 338 |
# |
# |
|a volume
|2 rdacarrier
|
| 504 |
# |
# |
|a Includes bibliographical references
|
| 650 |
# |
0 |
|a International trade
|
| 650 |
# |
0 |
|a Foreign trade promotion
|
| 650 |
# |
0 |
|a International economic relations
|
| 710 |
1 |
# |
|a Dearin, Cynthia
|
| 999 |
|
|
|a B000037839
|b Book
|c International
|e Business Information Centre
|